Equipes de Football de Ligue 1 2004-05 - Statistiques

Statistiques générales
  • Ce quiz a été pris 175 fois
  • Le résultat moyen est 17 sur 20
Statistiques - réponses
# Équipe Pts % Correct
1. Olympique Lyonnais 79
100%
5. Olympique Marseille 55
100%
9. Paris Saint-Germain 51
99%
15. Girondins de Bordeaux 44
97%
2. Lille OSC 67
97%
17. FC Nantes 43
93%
7. RC Lens 52
93%
4. Stade Rennais 55
93%
6. AS Saint-Étienne 53
92%
12. OGC Nice 46
91%
13. Toulouse FC 46
91%
3. AS Monaco 63
89%
11. RC Strasbourg 48
89%
8. AJ Auxerre 52
84%
16. FC Metz 44
80%
10. FC Sochaux-Montbéliard 50
71%
19. SC Bastia 41
70%
14. AC Ajaccio 45
68%
18. SM Caen 42
67%
20. FC Istres 32
34%
Aucun quiz correspondant
Distribution des résultats
% des personnes avec chaque résultat
Percentile par nombre de réponses
Votre historique - résultats
Vous n’avez pas pris ce quiz